00827cam a22002534a 4500008004100000020002200041050001500063100002300078245013400101260005200235300003400287504004100321500002000362650002500382650001400407650002600421650002600447650002700473700002400500700002200524003000100546005001700547040000900564  a0521538270 (pbk.)00aQH456bFRA1 aFrankham, Richard.12aA primer of conservation genetics /cRichard Frankham, Jonathan D. Ballou, David A. Briscoe ; line drawings by Karina H. McInnes. aCambridge :bCambridge University Press,c2004. axii, 220 p. :bill. ;c25 cm. aIncludes bibliographical references. aIncludes index. 0aEcological genetics. 0aGenetics. 0aConservation biology. 0aBiological diversity. 0aEvolutionary genetics.1 aBallou, Jonathan D.1 aBriscoe, David A.20230123134248.0 cNUST